000 00464nam a22001817a 4500
003 NUST
005 20220607101413.0
008 220607b ||||| |||| 00| 0 eng d
020 _a9781337794213
038 _aMuzammil
082 _a629.287
_bERJ
100 _aErjavev,Jack
_992019
245 _aAutomotive Technology:
_ba systems approach\
_cJack Erjavec.
250 _a7th
260 _aAustralia
_bCengage
_c2020
300 _axx,1900;p.;
942 _2ddc
_cBK
999 _c590130
_d590130